000 00662nam a2200205Ii 4500
003 JO-AjNU
008 230605s9999||||xx |||||||||||||| ||und||
017 _a2006/7/1829
040 _aJO-AjNU
_bara
_erda
_cJO-AjNU
041 _aara
050 1 4 _aPJ7820 2007
100 3 _aتأليف الخواجا،عمر,
_eauthor
_924569
245 0 0 _aوكأنه ما زال هناك... : مجموعة قصصية
264 3 1 _aعمان:دار اليازوري العلمية،2007
300 _a115ص
336 _atext
_btxt
_2rdacontent
337 _aunmediated
_bn
_2rdamedia
338 _avolume
_bnc
_2rdacarrier
650 4 _aالأدب العربي - قصص
_924570
999 _aA9068
_c12636
_d12636